00557nam a2200145Ia 4500008004100000020002200041041000800063082002400071100002500095245005600120260003900176300000900215999001900224952016800243230411s9999 xx 000 0 und d a978-81-317-2057-8 aeng aPH/615.1/TUR/B06872 aTurley Susan9179286 aUnderstanding Pharmacology for Health Professionals bPearson EducationaNew Delhic2008 a562p c157136d157136 001040708PHaBTINbBTINd2011-11-02ePritam Book Centreg575.00i7645l0oPH 615.1 TUR B06872pBTIN-BK-6872r2023-04-11 00:00:00v431.00w2011-11-02yBKzB06872